Las manos resisten : diálogos con mis pinturas /

No siempre resulta fácil descargar vivencias penosas. Los detalles de la memoria permanecen escondidos allí, en lo más profundo de nuestro ser, por largo tiempo aletargados, tal vez esperando el incentivo del arte que les dejará aparecer ya sea en forma de narrativa, poesía, dibujo, pintura, ìeza mu...

Descripción completa

Guardado en:
Autor Principal: Partnoy, Raquel.
Formato: Libro
Idioma:Undetermined
Publicado: Santa Rosa : 7 Sellos, 2018.
Edición:1a ed.
Materias:
Etiquetas: Agregar Etiqueta
Sin Etiquetas, Sea el primero en etiquetar este registro!
LEADER 02374nam a22003015a 4500
001 CEM.cems024348
008 241014s2018####ag############000#0#und#d
005 20241014091630.0
245 1 0 |a Las manos resisten :  |b diálogos con mis pinturas /  |c Raquel Partnoy. 
250 |a 1a ed. 
260 |a Santa Rosa :  |b 7 Sellos,  |c 2018. 
300 |a 98 p. 
500 |a Prólogo por Seth Michelson. 
520 |a No siempre resulta fácil descargar vivencias penosas. Los detalles de la memoria permanecen escondidos allí, en lo más profundo de nuestro ser, por largo tiempo aletargados, tal vez esperando el incentivo del arte que les dejará aparecer ya sea en forma de narrativa, poesía, dibujo, pintura, ìeza musical o tantas otras bellas maneras de transmitir a la gente nuestras vivencias en un mundo que se empeña muchas veces en hacernos padecer, pero siempre buscando alguna de esas expresiones con el deseo de que estas tristes historias no vuelvan a repetirse jamás. 
505 0 |a De presagios -- El regazo de los cuervos -- Las novias -- El mensaje -- Automatismo -- La máscara -- Collage -- Del infierno y otras delicias -- Madres Luz -- Abrumados por las sombras -- Fragmentos -- Los desaparecidos -- Danza con la muerte -- Clamor -- Ropas -- Paisaje en Silencio -- De la Ría turbia -- Bahía -- ¡Alerta! -- Perros Corazones atados -- Ahí los cuervos -- Coherencia -- Entre dos Cielos -- Los salitrales -- Ese Árbol -- Los paquetes de memoria -- Ropas que quedaron -- Cartas Liberadas -- Diario Terror -- Se esfumó su Rostro -- Renacer -- De resistir y avanzar -- Las manos resisten -- Los mudos testigos -- Hora Verdad -- Hoy la luz -- Del amor que perdura -- Amor Siempre -- Entre dos -- Remando Rimas -- Del exilio y otros paisajes -- El samovar -- Indiferencia -- Discriminación -- Violencia -- Serenidad Trunca -- De mujeres y discriminación -- Tina Modotti -- Estercita -- Angelina Beloff 
020 |a 9789874482013 
100 1 |a Partnoy, Raquel. 
082 0 4 |a A861.4 
653 |a Literatura 
653 |a Poesía 
653 |a Literatura Argentina 
653 |a Pintura 
653 |a Literatura Bahiense 
653 |a Poesía Bahiense 
653 |a Pintura Argentina 
653 |a Pintura Bahiense 
859 |a CEMS  |b BIB. CEMS - 11 de abril  |h A861.4  |i P258-1  |p 29535.24  |t Ej.1 
859 |a CEMS  |b BIB. CEMS - 11 de abril  |h A861.4  |i P258-1  |p 29536.24  |t Ej.2